Famous Juventus Footballers by Picture - Statistics

General Stats
  • This quiz has been taken 600 times
  • The average score is 24 of 30
Answer Stats
Picture Answer % Correct
Cristiano Ronaldo
99%
Gianluigi Buffon
99%
Paul Pogba
98%
Andrea Pirlo
97%
Zinedine Zidane
97%
Giorgio Chiellini
94%
Paulo Dybala
94%
Arturo Vidal
93%
Thierry Henry
93%
Leonardo Bonucci
92%
Gonzalo Higuaín
91%
Edwin van der Sar
89%
Pavel Nedvěd
88%
Fabio Cannavaro
87%
Alessandro Del Piero
86%
Patrick Vieira
86%
Roberto Baggio
84%
Michel Platini
81%
David Trezeguet
75%
Filippo Inzaghi
72%
Claudio Marchisio
70%
Andrea Barzagli
66%
Lilian Thuram
66%
Dino Zoff
63%
Didier Deschamps
62%
Antonio Conte
60%
Michael Laudrup
58%
Gianluca Zambrotta
57%
Ian Rush
53%
Paolo Di Canio
14%
No matching quizzes found
Score Distribution
Percent of People with Each Score
Percentile by Number Answered
Your Score History
You have not taken this quiz